Представление документа в формате RUSMARC

ПолеНазваниеЗначение
  Тип записи a
  Библиографический уровень m
001 Контрольный номер LIBNET\0001454915
005 Дата корректировки 20260703133136.5
010 Индекс ISBN __
a ISBN 978-5-04-211479-3
b Уточнения в пер.
9 Тираж 12000 экз.
100 Данные общей обработки __
a Данные общей обработки 20260520d2025 u y0rusy0189 ca
101 Язык документа 0_
a Язык текста rus
102 Страна публикации __
a Страна публикации RU
105 Кодированные данные (монография) __
a Кодированные данные (монография) y z 000ay
200 Заглавие и сведения об ответственности 1_
a Заглавие Четыре крыла
f Первые сведения об ответственности Т. Ю. Степанова
203 Вид содержания и тип средства __
a Вид содержания Текст
b Характеристика содержания визуальный
c Тип средства непосредственный
210 Выходные данные 1_
a Место издания Москва
c Издательство Эксмо
d Дата издания 2025
215 Физическое описание __
a Объем 317, [1] с.
d Формат 21 см
225 Серия 1_
a Серия По следам громких дел
i Наименование части Детективы Т. Степановой
333 Примечание о целевом назначении __
a Примечание о целевом назначении 16+
606 Тематические рубрики 0_
a Основная рубрика Детективные романы и рассказы (х. л.)
610 Ключевые слова 0_
a Ключевые слова детективы русские
686 Индексы других классификаций __
a Классификационный индекс 84Р2-46
2 Код системы rubbk
700 Автор _1
a Фамилия Степанова
b Имя (инициалы) Т. Ю.
c Титул (звания) писатель
g Полное личное имя Татьяна Юрьевна
801 Источник записи _0
a Страна RU
b Организация Владимирская ОУНБ
c Дата составления 20250214
g Правила каталогизации RCR
801 Источник записи _1
a Страна RU
b Организация Владимирская ОУНБ
c Дата составления 20250214
g Правила каталогизации RCR
801 Источник записи _2
a Страна RU
b Организация Ульяновская ОНБ
c Дата составления 20260520
g Правила каталогизации RCR
900 Электронные ресурсы __
a Имя электронного ресурса много20260025
900 Электронные ресурсы __
a Имя электронного ресурса много20260026
901 Тип документа __
t Тип документа m
909 Создатель записи __
a Создатель записи Егорова Э. А.
b Дата создания записи 20260520
910 Корректоры записи __
a Корректор записи Пряхина
b Дата внесения изменения в запись 20260703